000 01011nam a2200193Ia 4500
003 Ost
005 20260507075134.0
008 260507s9999||||xx |||||||||||||| ||und||
040 _cfsecg
041 _aara
082 _a330
100 _aعرفة، السيد عبد الوهاب
_eمؤلف
245 0 _aالوجيز في استعمال وإدارة المال الشائع ودعوى الفرز وأحكام النقض القديم والحديث وتطبيقاته العملية /
_c السيد عبد الوهاب عرفة
260 _aالإسكندرية:
_bدار المطبوعات الجامعية,
_c2005
300 _a169 صفحة؛
_bإيضاحات ؛
_c24 سم
520 _aالملكية الشائعة- إدارة المال الشائع- التصرف في المال الشائع- انقضاء الشيوع بالقسيمة- آثار القسيمة- إجراءات تسجيل القسيمة- صور الملكية الشائعة.
653 _aإدارة المال
942 _cكتاب
999 _c43245
_d43245